000 01843nam0a2200373 i 4500
001 RU\NLR\bibl\1929981
005 20240921130126.0
010 _a9785999912619
_9500
021 _aRU
_b2012-50340
_93680
035 _a(nilc)RSL-KNO-005467133
035 _a(NLR Aleph) 001919343
090 _a3284589
_c3284589
100 _a20120720d2012 u y0rusy50 ca
101 0 _arus
102 _aRU
105 _aa |||||||||
200 1 _aОптимизация минерального питания нута на каштановой почве Саратовского Заволжья
_e[практическое руководство для студентов, обучающихся по специальностям "Агрономия" и "Агрохимия и агрохимия и агропочвоведение"]
_fИ. Г. Аукина, В. П. Белоголовцев, Т. Я. Палагина
210 _aСаратов
_cНаука
_d2012
215 _a98, [1] с.
_cил., табл.
_d20
320 _aБиблиогр.: с. 79-99 (233 назв.)
606 1 _aНут
_xКультура на каштановых почвах
_xВлияние минеральных удобрений
_yЗаволжье Саратовское
_92137618
_3RU\NLR\auth\661593196
686 _aП213.5-434,0
_2rubbk
686 _aП9(2Р354-4Са)21,0
_2rubbk
686 _aП213.5-434(2Р354-4Са)
700 1 _aАукина
_bИ. Г.
_gИрина Григорьевна
_4070
701 1 _aБелоголовцев
_bВ. П.
_gВладимир Петрович
_4070
701 1 _aПалагина
_bТ. Я.
_gТамара Яковлевна
_4070
801 0 _aRU
_bRuMoRKP
_c20120720
801 1 _aRU
_bРГБ
_c20120720
801 2 _aRU
_bNLR
_c20120727
_grcr
830 _aавт. по кн.
942 _cBOOK
980 _aNBR